Premier League Appearances by Nationality: Serbia - Statistics

General Stats
  • This quiz has been taken 19 times
  • The average score is 4 of 10
Answer Stats
Appearances Player % Correct
129 Aleksandar Mitrovic
75%
274 Branislav Ivanovic
75%
211 Nemanja Vidic
75%
165 Aleksandar Kolarov
63%
251 Nemanja Matic
56%
90 Savo Milosevic
31%
85 Sasa Lukic
25%
134 Dusan Tadic
19%
183 Luka Milivojevic
6%
190 Dejan Stefanovic
0%
No matching quizzes found
Score Distribution
Percent of People with Each Score
Percentile by Number Answered
Your Score History
You have not taken this quiz